000 00459nam a2200157 i 4500
001 104272
003 ES-MaACL
005 20230906183546.0
007 t|
008 051125s1918 sp ||||1| spa d
100 1 _aMiguel, Antonio de.
_981001
245 1 3 _aEl método correlativo en el análisis matemático /
_cpor Antonio de Miguel.
260 _aMadrid :
_b[s.n.],
_c1918 (
_fTip. Giralda)
300 _a21 p. ;
_c19 cm.
852 _aES-MaACL
_j1730-F-10
999 _c104272
_d104272